00386nam a22001457a 450000500170000001000130001702000260003003500130005603700090006908200080007810000210008624500790010726000350018630000190022120250109162924.0 aB-761655 a9789392137761c190.00 aB-761655 bGift a300 aMathew, Caroline aUnravelling The World;bA Book on Social Studies Stage 2/cCaroline Mathew aNew DelhibTrinity Booksc2024 a88p.c28cm(pb)